Statistics for Národnostní složení ČR

Click here to take the quiz!

General Stats

  • This quiz has been taken 233 times
  • The average score is 9 of 11

Answer Stats

Počet obyvatelNárodnost% Correct
147 152slovenská
99%
6 711 624česká
98%
18 658německá
98%
39 096polská
96%
53 253ukrajinská
95%
17 872ruská
92%
29 660vietnamská
86%
8 920maďarská
69%
5 135romská
67%
521 801moravská
66%
12 214slezská
46%

Score Distribution

Percentile by Number Answered

Percent of People with Each Score

Your Score History

You have not taken this quiz